Online
Catalog

Historia de una escalera = las meninas / (Record no. 22433)

MARC details
000 -CABECERA
campo de control de longitud fija 01013cam a2200301 a 4500
001 - NÚMERO DE CONTROL
campo de control 000022936
005 - FECHA Y HORA DE LA ÚLTIMA TRANSACCIÓN
campo de control 20200930021900.0
008 - DATOS DE LONGITUD FIJA--INFORMACIÓN GENERAL
campo de control de longitud fija 900823s1981 sp a b 000 d spa d
020 ## - NÚMERO INTERNACIONAL ESTÁNDAR DEL LIBRO
Número Internacional Estándar del Libro 8423920038
040 ## - FUENTE DE LA CATALOGACIÓN
Centro catalogador/agencia de origen DO-SdBNP
Lengua de catalogación spa
Centro/agencia transcriptor BNPHU
082 ## - NÚMERO DE LA CLASIFICACIÓN DECIMAL DEWEY
Número de clasificación 862.64
Número de documento/Ítem B928h, 1981
049 ## - FONDOS LOCALES (OCLC)
Fondos de biblioteca BNGR
100 1# - ENTRADA PRINCIPAL--NOMBRE DE PERSONA
Nombre de persona Buero Vallejo, Antonio,
Fechas asociadas al nombre 1916-2000.
9 (RLIN) 17657
245 10 - MENCIÓN DE TÍTULO
Título Historia de una escalera = las meninas /
Mención de responsabilidad, etc. Antonio Buero Vallejo ; prólogo RIcardo Domenech.
246 1# - FORMA VARIANTE DE TÍTULO
Título propio/Titulo breve Las meninas
250 ## - MENCIÓN DE EDICIÓN
Mención de edición 5a ed.
260 ## - PUBLICACIÓN, DISTRIBUCIÓN, ETC.
Lugar de publicación, distribución, etc. Madrid :
Nombre del editor, distribuidor, etc. Espasa Calpe,
Fecha de publicación, distribución, etc. 1981.
300 ## - DESCRIPCIÓN FÍSICA
Extensión 238, [7] p. :
Otras características físicas il. ;
Dimensiones 17 cm.
490 1# - MENCIÓN DE SERIE
Mención de serie Selecciones Austral.
Designación de volumen o secuencia 3
650 #4 - PUNTO DE ACCESO ADICIONAL DE MATERIA--TÉRMINO DE MATERIA
Término de materia o nombre geográfico como elemento de entrada Teatro español
9 (RLIN) 3071
650 #4 - PUNTO DE ACCESO ADICIONAL DE MATERIA--TÉRMINO DE MATERIA
Término de materia o nombre geográfico como elemento de entrada Literatura española
Subdivisión cronológica SIGLO XX
9 (RLIN) 3326
700 1# - PUNTO DE ACCESO ADICIONAL--NOMBRE DE PERSONA
Nombre de persona Domenech, Ricardo,
Término indicativo de función/relación pról.
9 (RLIN) 17659
700 1# - PUNTO DE ACCESO ADICIONAL--NOMBRE DE PERSONA
Nombre de persona Doménech, Ricardo
Término indicativo de función/relación introd.
9 (RLIN) 17659
700 12 - PUNTO DE ACCESO ADICIONAL--NOMBRE DE PERSONA
Nombre de persona Buero Vallejo, Antonio,
Fechas asociadas al nombre 1916-2000.
Título de la obra Meninas.
Fecha de publicación/de la obra 1987.
9 (RLIN) 47157
740 0# - PUNTO DE ACCESO ADICIONAL--TÍTULO RELACIONADO O ANALÍTICO NO CONTROLADO
Título relacionado o analítico no controlado Historia de una escalera.
740 0# - PUNTO DE ACCESO ADICIONAL--TÍTULO RELACIONADO O ANALÍTICO NO CONTROLADO
Título relacionado o analítico no controlado Meninas.
830 #0 - PUNTO DE ACCESO ADICIONAL DE SERIE-TÍTULO UNIFORME
Título uniforme Selecciones Austral.
Designación de volumen o secuencia 3
9 (RLIN) 19172
Holdings
Estado de retiro Estado de pérdida Restricciones de uso No para préstamo Código de colección Localización permanente Ubicación/localización actual Ubicación en estantería Fecha de adquisición Número de inventario Total de préstamos Signatura topográfica completa Código de barras Fecha visto por última vez Precio válido a partir de Tipo de ítem Koha
        Monografías: Libros y Folletos General General En catalogación 23.11.2010 LF1   862.64 B928h, 1981 22936-10 25.06.2020 25.06.2020 Préstamo en sala

Powered by Koha